000 01338cam a2200229 4500
001 ##L135457
008 061027n2006 000 0 eng u
035 _a(Sirsi) u135457
041 0 _aeng
050 0 4 _a333.33 $2 18
110 2 _aRightmove
245 0 4 _aThe Rightmove house price index
_bOctober edition
260 _aLondon
_bRightmove
_c2006
490 0 _aRightmove House Price Index
_v16 October 2006
520 _aShows trends in asking prices up to 7 October 2006. Average asking prices now stand at a new national record of £218 954, passing the previous high of £217 580 set in July. Asking prices rose by 2.0% in the month and are now 11.50% higher than a year ago. Overall rises are very much driven by the strength of the southern England market and underpinned by the resilience of prices in northern England. All southern regions have seen double digit annual increases while northern England lags behind. The market continues to be driven by a shortage of right quality properties in the right location.
590 _aIKA311006
650 2 4 _aRIGHTMOVE HOUSE PRICE INDEX
651 4 _aEngland and Wales
_y1543-
690 _aPROPERTY-RESIDENTIAL PROPERTY-RESIDENTIAL PROPERTY MARKET
856 4 0 _uhttps://www.rightmove.co.uk
_zView the house price index free of charge at www.rightmove.co.uk...
942 _n0
999 _c106072
_d106072